<?xml version="1.0" encoding="UTF-8"?>
<record
    xmlns:xsi="http://www.w3.org/2001/XMLSchema-instance"
    xsi:schemaLocation="http://www.loc.gov/MARC21/slim http://www.loc.gov/standards/marcxml/schema/MARC21slim.xsd"
    xmlns="http://www.loc.gov/MARC21/slim">

  <leader>01746nam a2200289   4500</leader>
  <controlfield tag="001">111293</controlfield>
  <controlfield tag="003">DR-UNIBE</controlfield>
  <controlfield tag="005">20251113153811.0</controlfield>
  <controlfield tag="008">230718b2015    dr ||||| |||| 00| 0 spa d</controlfield>
  <datafield tag="020" ind1=" " ind2=" ">
    <subfield code="a">9789945084443</subfield>
  </datafield>
  <datafield tag="040" ind1=" " ind2=" ">
    <subfield code="a">BIBLIOTECA UNIBE</subfield>
    <subfield code="c">BIBLIOTECA UNIBE</subfield>
  </datafield>
  <datafield tag="041" ind1=" " ind2=" ">
    <subfield code="a">spa</subfield>
  </datafield>
  <datafield tag="082" ind1=" " ind2=" ">
    <subfield code="2">22</subfield>
    <subfield code="a">RD 342.7293 P433j</subfield>
  </datafield>
  <datafield tag="100" ind1="1" ind2="0">
    <subfield code="a">Perdomo Cordero, Nassef</subfield>
    <subfield code="e">autor</subfield>
    <subfield code="9">24314</subfield>
  </datafield>
  <datafield tag="245" ind1="1" ind2="0">
    <subfield code="a">Jurisprudencia del Tribunal Constitucional Dominicano 2012-2014 :</subfield>
    <subfield code="b">seleccionada y concordada con la Constituci&#xF3;n de la Rep&#xFA;blica Dominicana y la LOTCPC ; &#xED;ndice tem&#xE1;tico de las decisiones TC/12 hasta la TC/0008/15 /</subfield>
    <subfield code="c">Nassef Perdomo Cordero</subfield>
  </datafield>
  <datafield tag="260" ind1=" " ind2=" ">
    <subfield code="a">Santo Domingo :</subfield>
    <subfield code="b">Librer&#xED;a Jur&#xED;dica Internacional :</subfield>
    <subfield code="b">Acosta Perdomo Abogados &amp; Consultores :</subfield>
    <subfield code="b">Fundaci&#xF3;n Institucionalidad y Justicia (FINJUS),</subfield>
    <subfield code="c">2015</subfield>
  </datafield>
  <datafield tag="300" ind1=" " ind2=" ">
    <subfield code="a">840 p&#xE1;ginas ;</subfield>
    <subfield code="c">23 x 15 cm</subfield>
  </datafield>
  <datafield tag="505" ind1=" " ind2=" ">
    <subfield code="a">Presentaci&#xF3;n |
Prefacio |
Notas para el uso del compendio |
Pr&#xF3;logo |
Contenido &#xED;ndices CRD y LOTCPC |
&#xCD;ndice CRD |
&#xCD;ndice LOTCPC |
&#xCD;ndice CRD por art&#xED;culo |
&#xCD;ndice LOTCPC por art&#xED;culo |
Constituci&#xF3;n de la Rep&#xFA;blica Dominicana |
Ley org&#xE1;nica del Tribunal Constitucional y de los procedimientos constitucionales |
Fe de errata
</subfield>
  </datafield>
  <datafield tag="650" ind1=" " ind2="7">
    <subfield code="2">lemb</subfield>
    <subfield code="a">Tribunales constitucionales</subfield>
    <subfield code="z">Rep&#xFA;blica Dominicana</subfield>
    <subfield code="9">200795</subfield>
  </datafield>
  <datafield tag="650" ind1=" " ind2="7">
    <subfield code="2">lemb</subfield>
    <subfield code="a">Jurisprudencia</subfield>
    <subfield code="x">Recopilaciones, repertorios, etc.</subfield>
    <subfield code="z">Rep&#xFA;blica Dominicana</subfield>
    <subfield code="y">2012-2014</subfield>
    <subfield code="9">200796</subfield>
  </datafield>
  <datafield tag="651" ind1=" " ind2="7">
    <subfield code="2">lemb</subfield>
    <subfield code="a">Rep&#xFA;blica Dominicana</subfield>
    <subfield code="x">Derecho constitucional</subfield>
    <subfield code="9">5535</subfield>
  </datafield>
  <datafield tag="700" ind1="1" ind2="0">
    <subfield code="a">Potentini, &#xC1;ngel</subfield>
    <subfield code="e">editor</subfield>
    <subfield code="9">29379</subfield>
  </datafield>
  <datafield tag="700" ind1="1" ind2="0">
    <subfield code="a">Casta&#xF1;os Guzm&#xE1;n, Servio Tulio</subfield>
    <subfield code="e">presentaci&#xF3;n</subfield>
    <subfield code="9">27396</subfield>
  </datafield>
  <datafield tag="700" ind1="1" ind2="0">
    <subfield code="a">Jorge Prats, Eduardo,</subfield>
    <subfield code="d">1964-</subfield>
    <subfield code="e">prologuista</subfield>
    <subfield code="9">8540</subfield>
  </datafield>
  <datafield tag="700" ind1="1" ind2="0">
    <subfield code="a">P&#xE9;rez N., Jos&#xE9; Miguel</subfield>
    <subfield code="e">diagramador</subfield>
    <subfield code="9">148122</subfield>
  </datafield>
  <datafield tag="942" ind1=" " ind2=" ">
    <subfield code="2">ddc</subfield>
    <subfield code="c">BK</subfield>
  </datafield>
  <datafield tag="999" ind1=" " ind2=" ">
    <subfield code="c">111293</subfield>
    <subfield code="d">111293</subfield>
  </datafield>
  <datafield tag="952" ind1=" " ind2=" ">
    <subfield code="0">0</subfield>
    <subfield code="1">0</subfield>
    <subfield code="2">ddc</subfield>
    <subfield code="7">0</subfield>
    <subfield code="8">GEN-RD</subfield>
    <subfield code="a">Principal</subfield>
    <subfield code="d">2023-07-18</subfield>
    <subfield code="l">0</subfield>
    <subfield code="o">RD 342.7293 P433j</subfield>
    <subfield code="p">230986</subfield>
    <subfield code="r">2023-07-18 00:00:00</subfield>
    <subfield code="t">Ej. 1</subfield>
    <subfield code="w">2023-07-18</subfield>
    <subfield code="y">BK</subfield>
  </datafield>
  <datafield tag="952" ind1=" " ind2=" ">
    <subfield code="0">0</subfield>
    <subfield code="1">0</subfield>
    <subfield code="2">ddc</subfield>
    <subfield code="7">0</subfield>
    <subfield code="8">GEN-RD</subfield>
    <subfield code="a">Principal</subfield>
    <subfield code="d">2025-11-13</subfield>
    <subfield code="l">0</subfield>
    <subfield code="o">RD 342.7293 P433j</subfield>
    <subfield code="p">251121</subfield>
    <subfield code="r">2025-11-13 15:38:54</subfield>
    <subfield code="t">Ej. 2</subfield>
    <subfield code="w">2025-11-13</subfield>
    <subfield code="y">BK</subfield>
  </datafield>
</record>
